=LDR 00000nam 2200000 4500 =001 INLIS000000000057911 =005 20210805084911 =035 ##$$a 0010-0721000006 =008 210805################g##########0#ind## =020 ##$$a 978-602-223-028-1 =040 ##$$a NBPDMAT =090 ##$$a R. 300.3 $b Nan e =100 ##$$a Nana Supriatna =245 1#$$a Ensiklopedia IPS jilid 4 /$c Nana Supriatna, SE., MM. =250 ##$$a Cet. 1 =260 ##$$a Jakarta :$b Multazam Mulia Utama,$c 2011 =300 ##$$a iv, 70 hlm. : $b ilus. ; $c 30 cm. =650 #4$$a IPS - Ensiklopedia =850 ##$$a NBPDMAT =082 ##$$a R. 300.3 =084 ##$$a R. 300.3 NAN e =990 ##$$a 21415322 =990 ##$$a 21415323 =990 ##$$a 21415324 =990 ##$$a 21415325 =990 ##$$a 21415326